| 000 | 01444cam a2200337 a 4500 | ||
|---|---|---|---|
| 999 |
_c233682 _d233682 |
||
| 001 | 1642175 | ||
| 003 | Nust | ||
| 005 | 20170310095124.0 | ||
| 008 | 960502s1996 nyu 000 1 eng | ||
| 010 | _a 96143814 | ||
| 020 | _a9781853261893 | ||
| 040 |
_aDLC _cDLC _dDLC |
||
| 041 | 1 |
_aengfre _hfre |
|
| 050 | 0 | 0 |
_aPQ2349.A4 _bE5 1996 |
| 082 | 0 | 0 |
_a843.8 _bMAU |
| 100 | 1 |
_aMaupassant, Guy de, _d1850-1893. |
|
| 240 | 1 | 0 |
_aShort stories. _kSelections. _lEnglish & French |
| 245 | 1 | 0 |
_aThe Best short stories / _cby Guy de Maupassant ; |
| 246 | 3 | 1 | _aMeilleurs contes |
| 260 |
_aNew York : _bDover Publications, _c1997. |
||
| 300 |
_ax, 237 p. ; _c22 cm. |
||
| 440 | 2 | _aA dual-language book | |
| 505 | 0 | _aBoule de suif -- The Tellier establishment -- Mademoiselle Fifi -- Miss Harriet -- The piece of string -- The necklace -- The Horla. | |
| 600 | 1 | 0 |
_aMaupassant, Guy de, _d1850-1893 _xTranslations into English. |
| 650 |
_aMaupassant, Guy de _vFiction |
||
| 700 | 1 | _aJupiter, Steven. | |
| 856 | 4 | 2 |
_3Publisher description _uhttp://www.loc.gov/catdir/description/dover031/96143814.html |
| 856 | 4 | 1 |
_3Table of contents only _uhttp://www.loc.gov/catdir/enhancements/fy1318/96143814-t.html |
| 906 |
_a7 _bcbc _corignew _d3 _encip _f19 _gy-gencatlg |
||
| 942 |
_2ddc _cBK |
||